000 00617nam a2200205Ia 4500
001 8611
003 GE_BSU
008 181216s||||||||xx |||||||||||||| ||und||
040 _cGE_BSU
080 _a821.353.1-1
100 _aთომაშვილი, დომენტი
245 _aლექსები
245 _cრედ: ილ. ხოშტარია; მხატვ.: ირ. რაზმაძე
260 _aთბ.
260 _bსახელგამი
260 _c1955
300 _a178 გვ; 1 ფ. პორტრ; 20 სმ
653 _aლექსები
942 _cBK
999 _c41927
_d41927